Estudio de factibilidad: organización, demografía, programa de desarrollo, evaluación económica /
Estudio de factibilidad dl proyecto de desarrollo agroindustrial del Valle de Sebaco, Nicaragua (organización, problemas demográficos, programas de desarrollo y evaluación económica). Contiene 4 informes técnicos que son parte del proyecto para desarrollar el cultivo de hortalizas bajo riego, inform...
Збережено в:
| Співавтори: | , |
|---|---|
| Формат: | Текст |
| Опубліковано: |
Managua:
Dirección de Planificación Nacional
|
| Предмети: | |
| Теги: |
Додати тег
Немає тегів, Будьте першим, хто поставить тег для цього запису!
|
MARC
| LEADER | 00000 a a2200000 04500 | ||
|---|---|---|---|
| 001 | 20193 | ||
| 003 | |||
| 040 | |||
| 090 | |a 083306 | ||
| 110 | |a Nicaragua. Consejo de Planificación Nacional. Dirección de Planificación Nacional | ||
| 245 | |a Estudio de factibilidad: organización, demografía, programa de desarrollo, evaluación económica / |c Nicaragua. Consejo de Planificación Nacional. Dirección de Planificación Nacional | ||
| 260 | |a Managua: |b Dirección de Planificación Nacional | ||
| 300 | |a 106 p.; v. 6 | ||
| 520 | |a Estudio de factibilidad dl proyecto de desarrollo agroindustrial del Valle de Sebaco, Nicaragua (organización, problemas demográficos, programas de desarrollo y evaluación económica). Contiene 4 informes técnicos que son parte del proyecto para desarrollar el cultivo de hortalizas bajo riego, informa sobre las funciones principales del proyecto de desarrollo. Presenta una estimación cuantitativa del impacto que causara el programa de desarrollo agroindustrial sobre la población. Evalúa los beneficios que el programa traerá para la economía nacional./ACM | ||
| 650 | |a NICARAGUA | ||
| 650 | |a ESTUDIOS DE FACTIBILIDAD | ||
| 650 | |a PROYECTOS DE DESARROLLO | ||
| 650 | |a DESARROLLO AGRICOLA | ||
| 650 | |a AGROINDUSTRIA | ||
| 650 | |a POTENCIAL DE DESARROLLO | ||
| 710 | |a Tahal Consulting Engineers Ltd. | ||
| 999 | |c 2381 |d 2381 | ||
